[Event "EU-chT (Women) 16th"]
[Site "Heraklion"]
[Date "2007.10.31"]
[Round "4"]
[White "Tuominen, Tanja"]
[Black "Johansson, Viktoria"]
[Result "1-0"]
[WhiteElo "2089"]
[BlackElo "2203"]
[PlyCount "59"]
[EventDate "2007.10.28"]
[EventType "team-tourn"]
[EventRounds "9"]
[EventCountry "GRE"]
[SourceTitle "EXT 2008"]
[Source "ChessBase"]
[SourceDate "2007.11.25"]
[SourceVersion "1"]
[SourceVersionDate "2007.11.25"]
[SourceQuality "1"]
[WhiteTeam "Finland (W)"]
[BlackTeam "Sweden (W)"]
[WhiteTeamCountry "FIN"]
[BlackTeamCountry "SWE"]

1. e4 c5 2. c3 Nf6 3. e5 Nd5 4. d4 cxd4 5. Nf3 Nc6 6. Bc4 Nb6 7. Bb3 d5 8. exd6 Qxd6 9. 0-0 Be6 10. Na3 dxc3 11. Nb5 Qxd1 12. Rxd1 Rc8 13. Bxe6 fxe6 14. Nxc3 g6 15. Re1 e5 16. Nxe5 Nxe5 17. Rxe5 Bg7 18. Re2 Kf7 19. Bg5 e6 20. Nb5 Nc4 21. Rc1 a6 22. Rxc4 axb5 23. Rf4+ Kg8 24. Rb4 Rc4 25. h4 Kf7 26. Rd2 Rb8 27. Rd7+ Kg8 28. Be3 Rc2 29. Rxb5 Rxb2 30. Rxg7+ 1-0

[Event "EU-chT (Women) 16th"]
[Site "Heraklion"]
[Date "2007.10.30"]
[Round "3"]
[White "Johansson, Viktoria"]
[Black "Nemcova, Katerina"]
[Result "0-1"]
[WhiteElo "2203"]
[BlackElo "2255"]
[PlyCount "56"]
[EventDate "2007.10.28"]
[EventType "team-tourn"]
[EventRounds "9"]
[EventCountry "GRE"]
[SourceTitle "EXT 2008"]
[Source "ChessBase"]
[SourceDate "2007.11.25"]
[SourceVersion "1"]
[SourceVersionDate "2007.11.25"]
[SourceQuality "1"]
[WhiteTeam "Sweden (W)"]
[BlackTeam "Czech Republic (W)"]
[WhiteTeamCountry "SWE"]
[BlackTeamCountry "CZE"]

1. d4 d5 2. Nf3 Nf6 3. c4 c6 4. Nc3 e6 5. e3 Nbd7 6. Qc2 Bd6 7. b3 0-0 8. Be2 e5 9. cxd5 Nxd5 10. Nxd5 cxd5 11. dxe5 Nxe5 12. 0-0 Nxf3+ 13. Bxf3 Qh4 14. g3 Qf6 15. Bxd5 Bf5 16. e4 Bh3 17. f4 Qxa1 18. Rd1 Rac8 19. Bc4 Bc5+ 20. Kh1 Bg4 21. Rf1 Qd4 22. Kg2 Rfd8 23. f5 Bd1 24. Qb1 Qc3 25. Bg5 Bc2 26. Qe1 Qxe1 27. Rxe1 Re8 28. Kf3 Bb4 0-1

[Event "EU-Cup (Women) 11th"]
[Site "Fuegen"]
[Date "2006.10.12"]
[Round "5.1"]
[White "Botvinnik, Irina"]
[Black "Johansson, Viktoria"]
[Result "1-0"]
[WhiteElo "2208"]
[BlackElo "2234"]
[PlyCount "63"]
[EventDate "2006.10.08"]
[EventType "team-swiss"]
[EventRounds "7"]
[EventCountry "AUT"]
[SourceTitle "EXT 2013"]
[Source "ChessBase"]
[SourceDate "2012.11.22"]
[SourceVersion "1"]
[SourceVersionDate "2012.11.22"]
[SourceQuality "1"]
[WhiteTeam "Herzliya (W)"]
[BlackTeam "Stockholm Kristallen (W)"]
[WhiteTeamCountry "ISR"]
[BlackTeamCountry "SWE"]

1. c4 c5 2. Nc3 Nc6 3. g3 g6 4. Bg2 Bg7 5. a3 a5 6. d3 d6 7. e3 e5 8. Nge2 Nge7 9. 0-0 0-0 10. Bd2 Rb8 11. Qb3 Be6 12. Nd5 h5 13. Nec3 h4 14. Qb5 Nf5 15. Ne4 h3 16. Bxh3 Nfd4 17. exd4 Bxh3 18. dxc5 Bxf1 19. Rxf1 dxc5 20. Qxc5 f6 21. f4 f5 22. Ng5 Re8 23. Bc3 Rc8 24. Qf2 b5 25. b3 bxc4 26. dxc4 Bf8 27. g4 Nd4 28. Qh4 Rc7 29. Bxa5 Bc5 30. Kh1 Qa8 31. Bxc7 Re7 32. Bxe5 1-0